[Event "Deutsche Ländermeisterschaft 2003"]
[Site "Kassel GER"]
[Date "2003.10.21"]
[Round "4"]
[White "Knickel, Aaron"]
[Black "Rittemann, Steffen"]
[Result "1-0"]
[Termination "normal"]
[Board "6.4"]
[WhiteElo "1765"]
[BlackElo "1588"]
[WhiteTeam "Hessen 3"]
[BlackTeam "Mecklenburg-Vorpommern"]
[PlyCount "53"]
[WhiteFideId "24605298"]
[BlackFideId "24620009"]
[EventCountry "GER"]
[EventRounds "7"]
[EventType "team-swiss"]
[EventDate "2003.10.18"]

1. e4 c5 2. Nf3 d6 3. d4 cxd4 4. Nxd4 Nf6 5. Nc3 a6 6. a4 e6 7. Be2 Be7 8. O-O
Nc6 9. Be3 O-O 10. f4 Bd7 11. h3 e5 12. Nf5 Bxf5 13. exf5 exf4 14. Rxf4 Rc8 15.
Kh1 Qa5 16. Bf3 b6 17. g4 Ne5 18. g5 Nfd7 19. Nd5 Nc6 20. b4 Nxb4 21. Nxe7+ Kh8
22. Nxc8 Rxc8 23. Bd2 Rxc2 24. Bxb4 Qe5 25. Qd4 Nc5 26. Bxc5 bxc5 27. Qxe5 1-0

[Event "Deutsche Ländermeisterschaft 2003"]
[Site "Kassel GER"]
[Date "2003.10.21"]
[Round "4"]
[White "Stemmler, Lysan"]
[Black "Schäfer, Paul"]
[Result "1-0"]
[Termination "normal"]
[Board "6.5"]
[WhiteElo "1686"]
[BlackElo "1382"]
[WhiteTeam "Mecklenburg-Vorpommern"]
[BlackTeam "Hessen 3"]
[PlyCount "59"]
[WhiteFideId "24622451"]
[BlackFideId "24605360"]
[EventCountry "GER"]
[EventRounds "7"]
[EventType "team-swiss"]
[EventDate "2003.10.18"]

1. e4 e5 2. Nf3 Nc6 3. d4 exd4 4. Nxd4 Bc5 5. Be3 Qf6 6. c3 Nge7 7. Bc4 Qg6 8.
O-O Qxe4 9. Qh5 d5 10. Nb5 Bd6 11. Bb3 Bg4 12. Nxd6+ cxd6 13. Qg5 O-O-O 14. f3
Qe6 15. fxg4 f6 16. Qf4 g5 17. Qg3 h5 18. gxh5 Rxh5 19. Re1 Qf7 20. Na3 Rdh8
21. Nb5 Qh7 22. Nxd6+ Kd7 23. h3 f5 24. Nxb7 f4 25. Bxf4 gxf4 26. Qxf4 Rg8 27.
Qd6+ Kc8 28. Nc5 Nf5 29. Qxc6+ Kb8 30. Na6# 1-0

[Event "Deutsche Ländermeisterschaft 2003"]
[Site "Kassel GER"]
[Date "2003.10.21"]
[Round "4"]
[White "Popovic, Nathalie"]
[Black "Friedrich, Paul-Robert"]
[Result "0-1"]
[Termination "normal"]
[Board "6.6"]
[WhiteElo "1409"]
[BlackElo "1580"]
[WhiteTeam "Hessen 3"]
[BlackTeam "Mecklenburg-Vorpommern"]
[PlyCount "86"]
[WhiteFideId "24630292"]
[BlackFideId "24616036"]
[EventCountry "GER"]
[EventRounds "7"]
[EventType "team-swiss"]
[EventDate "2003.10.18"]

1. d4 d5 2. c4 e6 3. Nc3 c5 4. Nf3 Nf6 5. Bg5 cxd4 6. Qxd4 Be7 7. cxd5 exd5 8.
e3 O-O 9. Be2 h6 10. Bh4 Nc6 11. Qd2 Be6 12. O-O Rc8 13. Rfd1 a6 14. Bxf6 Bxf6
15. Nxd5 Bxd5 16. Qxd5 Qb6 17. Rab1 Rfd8 18. Qe4 Rxd1+ 19. Bxd1 Nb4 20. a3 Na2
21. Bc2 g6 22. Qd3 Bxb2 23. Qb3 Qxb3 24. Bxb3 Rc1+ 25. Rxc1 Nxc1 26. Bd5 b5 27.
Bb7 a5 28. Bc6 b4 29. axb4 axb4 30. Bd5 Bc3 31. Nd4 Bxd4 32. exd4 b3 33. Kf1 b2
34. Be4 Na2 35. Ke1 Nc3 36. Kd2 Nxe4+ 37. Kc2 Nxf2 38. Kxb2 f5 39. Kc3 Kf7 40.
Kc4 Ke6 41. Kc5 Nd3+ 42. Kc6 Nf4 43. g3 Nd5 0-1

[Event "Deutsche Ländermeisterschaft 2003"]
[Site "Kassel GER"]
[Date "2003.10.21"]
[Round "4"]
[White "Krause, Friederike"]
[Black "Wetzel, Carmen"]
[Result "0-1"]
[Termination "normal"]
[Board "6.7"]
[WhiteElo "923"]
[BlackElo "1409"]
[WhiteTeam "Mecklenburg-Vorpommern"]
[BlackTeam "Hessen 3"]
[PlyCount "88"]
[EventCountry "GER"]
[EventRounds "7"]
[EventType "team-swiss"]
[EventDate "2003.10.18"]

1. e4 e5 2. Nf3 Nc6 3. Nc3 Nf6 4. d4 exd4 5. Nd5 Nb4 6. Bc4 Nbxd5 7. exd5 Bb4+
8. Bd2 Bxd2+ 9. Qxd2 O-O 10. Nxd4 Qe7+ 11. Ne2 d6 12. O-O Bf5 13. Nd4 Be4 14.
Rfe1 Qd7 15. Ne2 Qg4 16. Nf4 g5 17. h3 Qxf4 18. Qxf4 gxf4 19. Rad1 Bxc2 20. Rd2
Bg6 21. Rde2 Rae8 22. Bb5 Rxe2 23. Rxe2 Nxd5 24. Bc4 Nf6 25. Re7 Rc8 26. a4 Kf8
27. Re2 a5 28. b3 c6 29. Rb2 Re8 30. b4 axb4 31. Rxb4 d5 32. Ba2 Re1+ 33. Kh2
Ra1 34. Bb3 c5 35. Rxf4 c4 36. Rxf6 cxb3 37. Rb6 Rxa4 38. Rxb3 Ra2 39. Kg3 d4
40. Rxb7 d3 41. Rd7 d2 42. f4 h5 43. Rd8+ Kg7 44. Kf2 d1=Q+ 0-1

[Event "Deutsche Ländermeisterschaft 2003"]
[Site "Kassel GER"]
[Date "2003.10.21"]
[Round "4"]
[White "Schmucklermann, Alexandra"]
[Black "Anton, Florian"]
[Result "1-0"]
[Termination "normal"]
[Board "6.8"]
[WhiteElo "846"]
[BlackElo "890"]
[WhiteTeam "Hessen 3"]
[BlackTeam "Mecklenburg-Vorpommern"]
[PlyCount "41"]
[EventCountry "GER"]
[EventRounds "7"]
[EventType "team-swiss"]
[EventDate "2003.10.18"]

1. e4 e5 2. Nf3 Nf6 3. Nc3 Nc6 4. Bb5 Bb4 5. O-O a6 6. Bxc6 dxc6 7. Nxe5 Qe7 8.
d4 c5 9. Bg5 cxd4 10. Qxd4 Bc5 11. Qd5 c6 12. Nxc6 bxc6 13. Qxc6+ Bd7 14. Qxa8+
Qd8 15. Qxd8+ Kxd8 16. Bxf6+ gxf6 17. Rfd1 Ke7 18. Kf1 f5 19. Rd5 Bd6 20. h3
Kf6 21. Rxd6+ 1-0